Time zones 1 : Workbook /
Guardado en:
| Autor Principal: | |
|---|---|
| Formato: | Libro |
| Publicado: |
Boston :
National Geographic Learnig,
2018
|
| Materias: | |
| Etiquetas: |
Agregar Etiqueta
Sin Etiquetas, Sea el primero en etiquetar este registro!
|
| LEADER | 00627nam a22001815a 4500 | ||
|---|---|---|---|
| 001 | CEM.cems020665 | ||
| 008 | 231122s2018##################000#0#####d | ||
| 005 | 20231122105440.0 | ||
| 245 | 1 | 0 | |a Time zones 1 : |b Workbook / |c Tim Collins; mary Jane Maples; ian Purdon; carmella Lieske. |
| 260 | |a Boston : |b National Geographic Learnig, |c 2018 | ||
| 300 | |a 64p. ; 25 cm. | ||
| 020 | |a 13978305259928 | ||
| 100 | 1 | |a Collins, Tim | |
| 082 | 0 | 4 | |a 428.64 |
| 600 | 1 | 4 | |a Tim Collins Mary Jane MaplesIan PurdonCarmella Lieske. |
| 653 | |a Ingles | ||
| 653 | |a Manuales secundario | ||
| 859 | |a CEMS |b BIB. CEMS - Agricultura |h 428.64 |i C692-1 |p A3093.18 |t Ej.1 |v 1 |3 1 | ||
